| 000 | 00529nam a2200157 4500 | ||
|---|---|---|---|
| 001 | 132409 | ||
| 003 | ES-MaACL | ||
| 005 | 20230906194154.0 | ||
| 007 | t| | ||
| 008 | 070214s1933 sp r ||||1| spa d | ||
| 100 | 1 |
_aRomero Carrasco, Francisco. _999363 |
|
| 245 | 1 | 0 |
_aMetodología de las Matemáticas y procedimientos de cálculo mental y de cálculo escrito rápido / _cpor Francisco Romero Carrasco. |
| 260 |
_aBadajoz : _b[s. n.], _c1933 ( _fTip. Arqueros) |
||
| 300 |
_a240 p. ; _c22 x 14 cm. |
||
| 852 |
_aES-MaACL _jA-1817 |
||
| 999 |
_c132409 _d132409 |
||